Szent Kristóf arcát látva- az utazók patrónusa Kelet-Európában

Bibliographic Details
Main Author: Juhász, Ilona L., 1960- (Author)
Format: Article
Language:Hungarian
PhysicalDescription:Fotogr.
Subjects:

MARC

LEADER 00000nab a2200000 ar4500
001 vtls009935434
003 SK-MaSNL
005 20260319074246.0
008 090731c2009 xo |||||||| 000 b|hun
015 |a SNBRB2009/07  |2 snkbucl 
038 |a SNKBUCL 
040 |a DSZK  |b slo  |c DSZK  |e AACR2 
041 0 |a hun 
044 |a xo  |c SK 
080 |a 2-36  |2 2001 
080 |a 27-36  |2 2001 
080 |a 272-36  |2 2001 
100 1 |a Juhász, Ilona L.,  |d 1960-  |4 aut  |9 98939 
245 1 0 |a Szent Kristóf arcát látva-  |b az utazók patrónusa Kelet-Európában  |c L. Juhász Ilona 
300 |b Fotogr. 
600 0 7 |a Krištof  |c sv.  |2 snkbucl  |9 1035639 
650 0 7 |a cestovatelia  |2 SNKPH  |9 58750 
650 0 7 |a patróni  |2 SNKPH  |9 30730 
650 0 7 |a kult svätých  |2 SNKPH  |9 67708 
651 7 |a Európa východná  |2 SNKPHgeo  |9 167635 
773 0 |t Vasárnap  |g Évf. 42, sz. 31 (2009), o. 24-25 
852 |a SNK  |b KIS3GCP 
852 |a DSZK  |b KIS3GCP 
958 |a HU 
958 |a SK 
958 |a NT 
999 |c 1703170  |d 1705100